Kötetünk szerzői

Elmentve itt :
Bibliográfiai részletek
Dokumentumtípus: Cikk
Megjelent: 1992
Sorozat:Aetas 7 No. 1
Kulcsszavak:Borsi-Kálmán Béla, Csetri Elek, Hermann Róbert, Kancsár Attila, Margitay Béla, Miskolczy Ambrus, Panek Sándor, Pelyach István, Rózsa György, Ruszoly József, Szendi Péter, Vajda Zoltán, Zakar Péter, Történettudomány - folyóirat, Aetas
Online Access:http://acta.bibl.u-szeged.hu/49446
LEADER 00742nab a2200169 i 4500
001 acta49446
005 20260224081030.0
008 170705s1992 hu o 000 hun d
022 |a 0237-7934 
040 |a SZTE Egyetemi Kiadványok Repozitórium  |b hun 
041 |a hun 
245 0 0 |a Kötetünk szerzői  |h [elektronikus dokumentum] 
260 |c 1992 
300 |a 259 
490 0 |a Aetas  |v 7 No. 1 
695 |a Borsi-Kálmán Béla, Csetri Elek, Hermann Róbert, Kancsár Attila, Margitay Béla, Miskolczy Ambrus, Panek Sándor, Pelyach István, Rózsa György, Ruszoly József, Szendi Péter, Vajda Zoltán, Zakar Péter, Történettudomány - folyóirat, Aetas 
856 4 0 |u http://acta.bibl.u-szeged.hu/49446/1/aetas_1992_001_002_259.pdf  |z Dokumentum-elérés